| 000 | 00577nam a2200205Ia 4500 | ||
|---|---|---|---|
| 008 | 180207s9999 xx 000 0 und d | ||
| 020 | _a9789715082730 | ||
| 050 | _bA581 1981 | ||
| 100 | _aAngeles, Alberta | ||
| 245 | _aSi langgam at si tipaklong : | ||
| 245 | _bmay magandang bukas and marunong magsikap / | ||
| 245 | _cby Alberta Angeles ; illustrated by Renato Gamos / | ||
| 260 | _aMetro Manila, Philippines : | ||
| 260 | _bAdarna House, | ||
| 260 | _c1981 | ||
| 300 | _aunpaged : | ||
| 300 | _bchiefly colored ; | ||
| 300 | _c22cm. | ||
| 440 | _aAdarna lahi. | ||
| 999 |
_c355788 _d355788 |
||